000 00568nam a2200193Ia 4500
999 _c34305
_d34305
003 OSt
005 20200916142449.0
008 190216s9999||||xx |||||||||||||| ||und||
020 _a9780070648104
040 _coclc
082 _a621.38275
_bKEI/O
100 _aKeiser, Gerd
_94630
245 0 _aOptical Fiber Communications /
_cGerd Keiser
250 _a4th Ed.
260 _bTata Mcgraw-Hill Education Private Limited,
_c2009.
_aNew Delhi:
300 _a578p
650 _aPhysics
942 _cBK
_2ddc
_h621.38275
_iKEI/O
_k621.38275
_mKEI/O